al-Mustaṭraf fī kull fann mustaẓraf /
Main Author:
Format: Book
Language: Arabic
Published:
al-Qahirah :
[publisher not identified],
1929.
Subjects:
Tags: Add Tag
Call Number: PN6267 .A7 I27 1929 v.1-2
| LEADER | 01143nam a2200217Ia 4500 | ||
|---|---|---|---|
| 003 | OSt | ||
| 005 | 20240121121041.0 | ||
| 008 | 130303s1929 ua 000 0 ara d | ||
| 952 | |0 0 |1 0 |2 lcc |3 V.1-2 |4 0 |6 PN6267 A7 I27 V.00001-00002 |7 1 |9 5952 |a ARCE |b ARCE |d 2020-09-15 |l 0 |o PN6267 .A7 I27 v.1-2 |p 1032171 |r 2020-09-15 00:00:00 |w 2020-09-15 |y BK | ||
| 999 | |c 30048 |d 30048 | ||
| 040 | |c ARCE Library | ||
| 050 | 4 | |a PN6267 .A7 I27 1929 v.1-2 | |
| 100 | 1 | |6 880-01 |a Ibshīhī, Muḥammad ibn Aḥmad, |d 1388-approximately 1446, |e author |9 32831 | |
| 245 | 1 | 3 | |6 880-02 |a al-Mustaṭraf fī kull fann mustaẓraf / |c Muḥammad ibn Aḥmad Ibshīhī. |
| 264 | 1 | |a al-Qahirah : |b [publisher not identified], |c 1929. | |
| 300 | |a 2 volumes in 1 ; |c 24 cm. | ||
| 650 | 0 | |a Quotations, Arabic |v Early works to 1800. | |
| 880 | 1 | |6 100-01/(3/r |a ابشيهي، محمد بن أحمد، |d 1388-حوالي 1446. | |
| 880 | 1 | 2 | |6 245-02/(3/r |a المستطرف في كل فن مستظرف |c محمد بن أحمد إبشيهي. |
| 901 | |a reviewed | ||
| 942 | |c BK |2 lcc | ||
